000 00609nam a22001817a 4500
999 _c60964
_d60964
005 20231130112629.0
008 231130s1967 ru ||||| |||| 00| 0 rus d
041 _arus
080 _a821(38)-1 Г-64
100 _aГомер
_920516
245 _aИлиада. Одиссея /
_cГомер.
264 _aМосква :
_bХудожественная литература,
_c1967.
300 _a766 с. :
_bил.;
_c21 см.
440 _aБиблиотека всемирной литературы
_920517
653 _aილიადა
653 _a ოდისეა
942 _2udc
_cᲬᲘᲒᲜᲘ